| 000 | 00399nam a22001457a 4500 | ||
|---|---|---|---|
| 082 | _aP-451 | ||
| 100 |
_aSalman Rashid _948261 |
||
| 245 |
_aSlpoe stability evaluation and remediation in DHA Islamabad _cSalman Rashid, Zaheer Khan |
||
| 260 |
_aRisalpur _bMCE _c2011 |
||
| 300 | _a106 p. : | ||
| 526 |
_a0 _b0 _c0 _dP_451 |
||
| 650 | _aProject | ||
| 700 |
_aSarfraz Ali Col _948314 |
||
| 942 |
_2ddc _cBK |
||
| 999 |
_c551300 _d551300 |
||